ბათუმის შოთა რუსთაველის სახელმწიფო უნივერსიტეტის ბიბლიოთეკა

Дифференциальное и интегральное исчисление (ბიბ.ჩანაწერი № 48115)

000 -LEADER
fixed length control field 00602nam a2200193Ia 4500
001 - CONTROL NUMBER
control field 14996
003 - CONTROL NUMBER IDENTIFIER
control field GE_BSU
008 - FIXED-LENGTH DATA ELEMENTS--GENERAL INFORMATION
fixed length control field 181216s||||||||xx |||||||||||||| ||und||
040 ## - CATALOGING SOURCE
Transcribing agency GE_BSU
080 ## - UNIVERSAL DECIMAL CLASSIFICATION NUMBER
Universal Decimal Classification number 517.2(075.8)+517.3(075.8)
100 ## - MAIN ENTRY--PERSONAL NAME
Personal name Бугров, Я.С. Никольский, С.М.
245 ## - TITLE STATEMENT
Title Дифференциальное и интегральное исчисление
260 ## - PUBLICATION, DISTRIBUTION, ETC.
Place of publication, distribution, etc. Москва
260 ## - PUBLICATION, DISTRIBUTION, ETC.
Name of publisher, distributor, etc. Наука
260 ## - PUBLICATION, DISTRIBUTION, ETC.
Date of publication, distribution, etc. 1980
300 ## - PHYSICAL DESCRIPTION
Extent 432стр.20см.
653 ## - INDEX TERM--UNCONTROLLED
Uncontrolled term Дифференциальное и интегральное исчисление
942 ## - ADDED ENTRY ELEMENTS (KOHA)
Koha item type წიგნი
ეგზემპლარები
Withdrawn status Lost status Damaged status Not for loan Date acquired Barcode Date last seen Price effective from Koha item type
        2018-12-17 15342 2018-12-17 2018-12-17 წიგნი
        2018-12-17 17231 2018-12-17 2018-12-17 წიგნი